Mappa del Canada - Statistics

Statistiche generali
  • Questo quiz è stato fatto 3.744 volte
    3.737 dall'ultimo reset
  • Il punteggio medio è 7 su 13
Risposte nella Mappa
Le risposte nella mappa del quiz sottostante sono codificate secondo una scala di colori dal rosso al verde in base alla % di persone che hanno risposto correttamente.
 
Statistiche sulle risposte
Risposta % Corretto
Québec
75%
Ontario
63%
Isola del principe Edoard
61%
Territori del Nord-Ovest
56%
British Columbia
53%
Terranova e Labrador
52%
Alberta
51%
Manitoba
44%
Nuova Scozia
44%
Nunavut
42%
Saskatchewan
39%
New Brunswick
37%
Yukon
35%
Nessun quiz corrispondente trovato
Distribuzione punteggi
Percentuale di utenti per punteggio
Percentile per numero di risposta
I tuoi punteggi nel tempo
Non hai fatto questo quiz dall'ultimo reset